书目信息 |
| 题名: |
杂文300篇
|
|
| 作者: | 朱大路 主编 | |
| 分册: | ||
| 出版信息: | 上海 文汇出版社 1998.08 |
|
| 页数: | 837页 | |
| 开本: | 32开 | |
| 丛书名: | ||
| 单 册: | ||
| 中图分类: | I269.7 | |
| 科图分类: | ||
| 主题词: | 散文--中国 , 散文--作品综合集--中国 | |
| 电子资源: | ||
| ISBN: | 7-80531-523-X | |
| 000 | 00535nam0 2200205 45 | |
| 001 | 9909221053 | |
| 005 | 20031219104042.3 | |
| 010 | @a7-80531-523-X@b精装@dCNY40.00 | |
| 100 | @a19990922d1998 km y0chiy0120 ea | |
| 101 | @achi | |
| 105 | @a z 000yy | |
| 200 | 1 | @a杂文300篇@f朱大路 主编 |
| 210 | @a上海@c文汇出版社@d1998.08 | |
| 215 | @a837页@d32开 | |
| 606 | 0 | @a散文@y中国 |
| 606 | 0 | @a散文@x作品综合集@y中国 |
| 690 | @aI269.7@v1 | |
| 701 | @a朱大路@4主编 | |
| 801 | @aCN@bTSTC@c19990924 | |
| 905 | @f3@b284304-306@dI269.7@e652 | |
| 杂文300篇/朱大路 主编.-上海:文汇出版社,1998.08 |
| 837页;32开 |
| ISBN 7-80531-523-X(精装):CNY40.00 |
| ● |
| 相关链接 |
|
|
|
|
正题名:杂文300篇
索取号:I269.7/652
 
预约/预借
| 序号 | 登录号 | 条形码 | 馆藏地/架位号 | 状态 | 备注 |
| 1 | 0284304 | 002843043 | 第二借阅区/ [索取号:I269.7/652] | 在馆 | |
| 2 | 0284305 | 002843052 | 第二借阅区/ [索取号:I269.7/652] | 在馆 | |
| 3 | 0284306 | 002843061 | 第一样本阅览室/ [索取号:I269.7/652] | 在馆 |